Normal view
MARC view
- Walton, Charles F
Entry Personal Name
001 - CONTROL NUMBER
- control field: 74007
003 - CONTROL NUMBER IDENTIFIER
- control field: NUST
005 - DATE AND TIME OF LATEST TRANSACTION
- control field: 20210628205121.0
008 - FIXED-LENGTH DATA ELEMENTS
- fixed length control field: 210628|| aca||aabn | a|a d
040 ## - CATALOGING SOURCE
- Original cataloging agency: NUST
- Transcribing agency: NUST
100 ## - HEADING--PERSONAL NAME
- Personal name: Walton, Charles F
670 ## - SOURCE DATA FOUND
- Source citation: Work cat.: (NUST): Walton, Charles F, Gray and ductile iron casting handbook, 1971
